000 00714nam a2200253 a 4500
999 _c2078
_d2078
007 ta
008 200205s2011 ii ad||g |||| 001 0 eng d
020 _a9788132107514
_cRs. 525.00
040 _aKO
_beng
041 0 _aeng
044 _aii
082 0 4 _223
_a001.42
_bW157
100 1 _aWalliman, Nicholas
245 1 0 _aYour Research Project :
_bDesigning and Planning Your Work /
_cNicholas Walliman
250 _a3rd ed.
260 _aNew Delhi :
_bSAGE publications India Pvt Ltd,
_c2011.
300 _axxi , 378 p. :
_bill., Charts. ;
_c25 cm .
504 _aIncludes Index.
650 0 _aResearch and development projects
_vTextbooks
651 _yBK
904 _aReshma_R
942 _cBK